Международное таможенное сотрудничество: учебное пособие для вузов

গ্রন্থ-পঞ্জীর বিবরন
প্রধান লেখক: Рыбак С. В. Светлана Викторовна
অন্যান্য লেখক: Ануфриева Л. И. Любовь Игоревна
সংক্ষিপ্ত:Учебное пособие подготовлено в соответствии с требованиями государственного образовательного стандарта по специальности «Таможенное дело». В нем рассматриваются международно-правовые и организационные основы сотрудничества государств в сфере таможенного дела, роль которого неуклонно возрастает, так как усиливается международно-правовое регулирование межгосударственных таможенных правоотношений. Предназначено для сотрудников таможенных органов, студентов высших учебных заведений, обучающихся по специальности «Таможенное дело», и всех интересующихся вопросами основных аспектов таможенной деятельности.
ভাষা:রুশ
প্রকাশিত: Санкт-Петербург, Троицкий мост, 2014
মালা:Учебное пособие
বিষয়গুলি:
বিন্যাস: গ্রন্থ
KOHA link:https://koha.lib.tpu.ru/cgi-bin/koha/opac-detail.pl?biblionumber=254852

MARC

LEADER 00000nam0a2200000 4500
001 254852
005 20231101232955.0
010 |a 9785437700341 
035 |a (RuTPU)RU\TPU\book\277353 
090 |a 254852 
100 |a 20140324d2014 m y0rusy50 ca 
101 0 |a rus 
102 |a RU 
105 |a y j 001zy 
200 1 |a Международное таможенное сотрудничество  |e учебное пособие для вузов  |f С. В. Рыбак, Л. И. Ануфриева 
210 |a Санкт-Петербург  |c Троицкий мост  |d 2014 
215 |a 382 с. 
225 1 |a Учебное пособие 
320 |a Библиогр.: с. 377-381. 
330 |a Учебное пособие подготовлено в соответствии с требованиями государственного образовательного стандарта по специальности «Таможенное дело». В нем рассматриваются международно-правовые и организационные основы сотрудничества государств в сфере таможенного дела, роль которого неуклонно возрастает, так как усиливается международно-правовое регулирование межгосударственных таможенных правоотношений. Предназначено для сотрудников таможенных органов, студентов высших учебных заведений, обучающихся по специальности «Таможенное дело», и всех интересующихся вопросами основных аспектов таможенной деятельности. 
606 1 |a Таможенное право  |2 stltpush  |3 (RuTPU)RU\TPU\subj\69311  |9 84222 
610 1 |a таможенное регулирование 
610 1 |a таможенное сотрудничество 
610 1 |a международное таможенное право 
610 1 |a правовое регулирование 
610 1 |a таможенные операции 
610 1 |a экономическая интеграция 
610 1 |a Таможенный союз 
610 1 |a товары 
610 1 |a кодирование 
610 1 |a таможенная оценка 
610 1 |a страна происхождения товаров 
610 1 |a таможенные льготы 
610 1 |a таможенные формальности 
610 1 |a правонарушения 
610 1 |a учебные пособия 
686 |a Х621.143.1я73  |v LBC/SL-A  |2 rubbk 
700 1 |a Рыбак  |b С. В.  |g Светлана Викторовна 
701 1 |a Ануфриева  |b Л. И.  |g Любовь Игоревна 
801 1 |a RU  |b 63413507  |c 20140324 
801 2 |a RU  |b 63413507  |c 20150629  |g RCR 
942 |c BK 
959 |a 57/20140324  |d 2  |e 432,00  |f ЧЗГЛ:1  |f АНЛ:1